Formy odmeňovania pracovníkov bakalárska práca

Gespeichert in:
Bibliographische Detailangaben
1. Verfasser: Kašniková, Mária
Körperschaft: Podnikovohospodárska fakulta EU so sídlom v Košiciach. Katedra účtovníctva a financií
Weitere Verfasser: Polončák, Milan
Format: Buch
Sprache:Slowakisch
Veröffentlicht: Košice 2009
Tags: Tag hinzufügen
Keine Tags, Fügen Sie das erste Tag hinzu!

MARC

LEADER 00000nam$a2200000$$$4500
001 0106038
005 20240320074952.0
041 0 |a slo 
044 |a SK 
245 1 0 |a Formy odmeňovania pracovníkov  |b bakalárska práca  |c Mária Kašniková ; škol. Milan Polončák 
264 1 |a Košice  |c 2009 
300 |a 61 s. 
100 1 |a Kašniková, Mária 
700 1 |a Polončák, Milan 
710 2 |a Podnikovohospodárska fakulta EU so sídlom v Košiciach. Katedra účtovníctva a financií